Logo BPK

Biblioteka

Politechniki Koszalińskiej

Visiting our past : (Rekord nr 48043)

Szczegóły MARC
000 -ETYKIETA REKORDU
podpole kontrolne o stałej długości 01162nam a2200313 i 4500
001 - NUMER KONTROLNY REKORDU
pole kontrolne bgj
020 ## - MIĘDZYNARODOWY ZNORMALIZOWANY NUMER KSIĄŻKI - ISBN
ISBN 0870446479
040 ## - ŹRÓDŁO KATALOGOWANIA
Instytucja, która utworzyła rekord BPK
041 0# - KOD JĘZYKA
Kod języka tekstu eng
920 ## - Międzynarodowy znormalizowany numer książki – ISBN
ISBN 0-87044-647-9
008 - POLE O STAŁEJ DŁUGOŚCI - DANE KONTROLNE
podpole kontrolne o stałej długości s uk f |000 0 eng
245 00 - TYTUŁ/ODPOWIEDZIALNOŚĆ
Tytuł Visiting our past :
Ciąg dalszy tytułu America's historyland /
Pozostałe elementy strefy tytułu i oznaczenia odpowiedzialności Ross Bennett, editor ; editorial consultant Daniel J. Boorstin ; chapters by Dr. Boorstin [et al.].
250 ## - STREFA WYDANIA
Oznaczenie wydania [Revised edition].
260 ## - STREFA ADRESU WYDAWNICZEGO
Miejsce wydania Wshington, D.C. :
Nazwa wydawcy/dystrybutora National Geography Society,
Data publikacji, dystrybucji/powstania dokumentu 1986.
300 ## - STREFA OPISU FIZYCZNEGO
Objętość 399 pp :
Inne cechy fizyczne ill. ;
Rozmiary 29 cm.
490 1# - STREFA SERII I DOKUMENTU WIELOCZĘŚCIOWEGO - FORMA NIE DO WYSZUKIWANIA
Tytuł i oznaczenie odpowiedzialności serii World in Color Library / National Geographic Book Service ; Jules B. Billard, director
504 ## - UWAGA DOTYCZĄCA BIBLIOGRAFII
Informacje o bibliografii Bibliography p. 400.
505 ## - SFORMALIZOWANA UWAGA DOTYCZĄCA ZAWARTOŚCI
Pełny tekst uwagi Includes index.
650 #9 - HASŁO PRZEDMIOTOWE W FORMIE NAZWY OGÓLNEJ LUB JEDNOSTKOWEJ
Nazwa ogólna lub geograficzna Historic sites
Określnik geograficzny United States
650 #9 - HASŁO PRZEDMIOTOWE W FORMIE NAZWY OGÓLNEJ LUB JEDNOSTKOWEJ
Nazwa ogólna lub geograficzna Monuments
Określnik geograficzny United States
651 #9 - HASŁO PRZEDMIOTOWE W FORMIE NAZWY GEOGRAFICZNEJ
Nazwa geograficzna United States
Określnik ogólny Description and travel
Określnik chronologiczny 1981-
655 ## - TERMIN INDEKSOWY - OKREŚLENIE RODZAJU/FORMY DOKUMENTU
Określenie rodzaju/formy dokumentu Guide-books
655 ## - TERMIN INDEKSOWY - OKREŚLENIE RODZAJU/FORMY DOKUMENTU
Określenie rodzaju/formy dokumentu Pictorial works
700 1# - HASŁO DODATKOWE - NAZWA OSOBOWA
Nazwa osobowa BENNETT, Ross
700 1# - HASŁO DODATKOWE - NAZWA OSOBOWA
Nazwa osobowa BOORSTIN, Daniel [Joseph]
Daty związane z nazwą (1914- )
710 p0 - HASŁO DODATKOWE - NAZWA CIAŁA ZBIOROWEGO
Nazwa ciała zbiorowego lub jednostki geograficznej NATIONAL GEOGRAPHIC BOOK SERVICE
830 #0 - HASŁO DODATKOWE SERII LUB DOKUMENTU WIELOCZĘŚCIOWEGO - TYTUŁ UJEDNOLICONY
Tytuł ujednolicony World in Color Library (National Geographic Book Service ; Jules B. Billard, director)
942 ## - DODATKOWE ELEMENTY (KOHA)
Typ dokumentu Książka
Egzemplarze
Wycofany Status egzemplarza Uszkodzony Dostępność Lokalizacja stała Lokalizacja bieżąca Miejsce przechowywania Sygnatura Kod kreskowy Dział Typ dokumentu Numer ubytku
      Tylko na miejscu Biblioteka Politechniki Koszalińskiej Biblioteka Politechniki Koszalińskiej Czytelnia Wydziałowa ul. Kwiatkowskiego 6e KA 5001 09018983 94(73) Historia USA Książka  
      Dostępny Biblioteka Politechniki Koszalińskiej Biblioteka Politechniki Koszalińskiej Wypożyczalnia Językowa KA 5002 09018921   Książka  
      Dostępny Biblioteka Politechniki Koszalińskiej Biblioteka Politechniki Koszalińskiej Wypożyczalnia Językowa KA 5003 09018945   Książka  
      Dostępny Biblioteka Politechniki Koszalińskiej Biblioteka Politechniki Koszalińskiej Wypożyczalnia Językowa KA 5004 09018914   Książka  
      Dostępny Biblioteka Politechniki Koszalińskiej Biblioteka Politechniki Koszalińskiej Wypożyczalnia Językowa KA 5005 09018891   Książka  
  Egz. niedostępny   Niedostępny Biblioteka Politechniki Koszalińskiej Biblioteka Politechniki Koszalińskiej   KA 5006 09018969   Książka p.ew.
  Egz. niedostępny   Niedostępny Biblioteka Politechniki Koszalińskiej Biblioteka Politechniki Koszalińskiej   KA 5007 09018884   Książka p.ew.
  Egz. niedostępny   Niedostępny Biblioteka Politechniki Koszalińskiej Biblioteka Politechniki Koszalińskiej   KA 5008 09018938   Książka p.ew.
  Egz. niedostępny   Niedostępny Biblioteka Politechniki Koszalińskiej Biblioteka Politechniki Koszalińskiej   KA 5009 09018976   Książka p.ew.
  Egz. niedostępny   Niedostępny Biblioteka Politechniki Koszalińskiej Biblioteka Politechniki Koszalińskiej   KA 5010 09018952   Książka p.ew.
  Egz. niedostępny   Niedostępny Biblioteka Politechniki Koszalińskiej Biblioteka Politechniki Koszalińskiej   KA 5011 09018907   Książka p.ew.
  Egz. niedostępny   Niedostępny Biblioteka Politechniki Koszalińskiej Biblioteka Politechniki Koszalińskiej   KA 5012 09018877   Książka p.ew.
  Egz. niedostępny   Niedostępny Biblioteka Politechniki Koszalińskiej Biblioteka Politechniki Koszalińskiej   KA 5013 09019003   Książka p.ew.
© 2023 Biblioteka Politechniki Koszalińskiej :: KOHA